Студенческий научный вестник (Запись № 11557351)

Подробности
000 -МАРКЕР
контрольное поле 03051nam0a2200385 4500
001 - ИДЕНТИФИКАТОР ЗАПИСИ
контрольное поле RU\NLR\BIBL_A\011736768
005 - ИДЕНТИФИКАТОР ВЕРСИИ
контрольное поле 20180711170700.0
010 ## - МЕЖДУНАРОДНЫЙ СТАНДАРТНЫЙ НОМЕР КНИГИ (ISBN)
Номер (ISBN) 978-5-6040627-7-7
Тираж 100
021 ## - НОМЕР ГОСУДАРСТВЕННОЙ РЕГИСТРАЦИИ
Код страны Российская Федерация
Номер КН-П-18-037002
Номер Листа государственной регистраци КН-П-18-2677
035 ## - ДРУГИЕ СИСТЕМНЫЕ НОМЕРА
Идентификатор записи (NLR Aleph) 011736768
035 ## - ДРУГИЕ СИСТЕМНЫЕ НОМЕРА
Идентификатор записи (RuMoRGB)009642753
100 ## - ДАННЫЕ ОБЩЕЙ ОБРАБОТКИ
Данные общей обработки 20180622d2018 k y0rusy50 ca
101 0# - ЯЗЫК РЕСУРСА
Язык текста, звукозаписи и т.д. русский
-- английский
102 ## - СТРАНА ПУБЛИКАЦИИ ИЛИ ПРОИЗВОДСТВА
Страна публикации Российская Федерация
105 ## - ПОЛЕ КОДИРОВАННЫХ ДАННЫХ: ТЕКСТОВЫЕ МАТЕРИАЛЫ, МОНОГРАФИЧЕСКИЕ
Кодированные данные о монографическом текстовом документе a|||z|||110zy
200 1# - ЗАГЛАВИЕ И СВЕДЕНИЯ ОБ ОТВЕТСТВЕННОСТИ
Основное заглавие Студенческий научный вестник
Сведения, относящиеся к заглавию материалы XVIII Недели студенческой науки, посвященной 65-летию образования Белгородской области, [в рамках которой проходила XVIII студенческая научно-практическая конференция, 26 марта - 30 марта 2018 г.]
Первые сведения об ответственности Минобрнауки России, Федеральное государственное автономное образовательное учреждение высшего образования "Белгородский государственный национальный исследовательский университет", Старооскольский филиал (СОФ НИУ "БелГУ"), Студенческое научное общество "Научная инициатива"
Последующие сведения об ответственности [редакционная коллегия: Т. П. Беликова, к.с.н., проф. (отв. редактор) и др.]
210 ## - ПУБЛИКАЦИЯ, РАСПРОСТРАНЕНИЕ И ДР.
Место издания, распространения и т.д. Старый Оскол
Имя издателя, распространителя и т. д. РОСА
Дата издания, распространения и т.д. 2018
215 ## - ФИЗИЧЕСКАЯ ХАРАКТЕРИСТИКА
Специфическое обозначение материала и объем 167 с.
Другие сведения о физической характеристике ил., табл.
Размеры 20
300 ## - ОБЩИЕ ПРИМЕЧАНИЯ
Текст примечания Часть текста англ.
320 ## - ПРИМЕЧАНИЯ О НАЛИЧИИ В ДОКУМЕНТЕ БИБЛИОГРАФИИ / УКАЗАТЕЛЯ
Текст примечания Библиогр. в конце ст.
606 1# - НАИМЕНОВАНИЕ ТЕМЫ КАК ПРЕДМЕТ
Наименование темы Гуманитарные науки
Формальный подзаголовок Съезды, совещания и т.п.
Системный номер авторитетной/нормативной записи 2175177
Идентификатор авторитетной/нормативной записи RU\NLR\AUTH\661308230
686 ## - ИНДЕКСЫ ДРУГИХ КЛАССИФИКАЦИЙ
Индекс С.я431(2Р-4Бл)
Код системы
686 1# - ИНДЕКСЫ ДРУГИХ КЛАССИФИКАЦИЙ
Индекс Ч21я431
686 1# - ИНДЕКСЫ ДРУГИХ КЛАССИФИКАЦИЙ
Индекс С.я431
702 #1 - ИМЯ ЛИЦА - ВТОРИЧНАЯ ОТВЕТСТВЕННОСТЬ
Начальный элемент ввода Беликова
Часть имени, кроме начального элемента ввода Т. П.
Расширение инициалов личного имени Тамара Павловна
Код отношения Редактор
711 02 - НАИМЕНОВАНИЕ ОРГАНИЗАЦИИ - АЛЬТЕРНАТИВНАЯ ОТВЕТСТВЕННОСТЬ
Начальный элемент ввода Белгородский государственный национальный исследовательский университет
Структурное подразделение Старооскольский филиал
-- Неделя студенческой науки
Порядковый номер временной организации и / или порядковый номер ее части 18
Дата проведения временной организации 2018
Системный номер авторитетной/нормативной записи 611869
Идентификатор авторитетной/нормативной записи RU\NLR\AUTH\880475237
711 02 - НАИМЕНОВАНИЕ ОРГАНИЗАЦИИ - АЛЬТЕРНАТИВНАЯ ОТВЕТСТВЕННОСТЬ
Начальный элемент ввода Белгородский государственный национальный исследовательский университет
Структурное подразделение Старооскольский филиал
-- Студенческая научно-практическая конференция
Порядковый номер временной организации и / или порядковый номер ее части 18
Дата проведения временной организации 2018
Системный номер авторитетной/нормативной записи 611943
Идентификатор авторитетной/нормативной записи RU\NLR\AUTH\880475277
712 02 - НАИМЕНОВАНИЕ ОРГАНИЗАЦИИ - ВТОРИЧНАЯ ОТВЕТСТВЕННОСТЬ
Код отношения Прочие
Начальный элемент ввода "Научная инициатива", студенческое научное общество
Идентифицирующий признак Старый Оскол
Системный номер авторитетной/нормативной записи 611879
Идентификатор авторитетной/нормативной записи RU\NLR\AUTH\880475242
942 ## - ДОПОЛНИТЕЛЬНЫЕ ЭЛЕМЕНТЫ ЗАПИСИ (АБИС)
Тип экземпляра АБИС Книга
980 ## - КОЛЛЕКЦИЯ
Название коллекции НБР
980 ## - КОЛЛЕКЦИЯ
Название коллекции Национальная библиография

Нет доступных экземпляров.